Fundamentals of marine acoustics / (Record no. 3336)

000 -LEADER
fixed length control field 02242cam a2200493 a 4500
006 - FIXED-LENGTH DATA ELEMENTS--ADDITIONAL MATERIAL CHARACTERISTICS--GENERAL INFORMATION
fixed length control field m o d
007 - PHYSICAL DESCRIPTION FIXED FIELD--GENERAL INFORMATION
fixed length control field cr cn|||||||||
008 - FIXED-LENGTH DATA ELEMENTS--GENERAL INFORMATION
fixed length control field 090320s1977 ne a ob 001 0 eng d
020 ## - INTERNATIONAL STANDARD BOOK NUMBER
International Standard Book Number 9780444415523
020 ## - INTERNATIONAL STANDARD BOOK NUMBER
International Standard Book Number 0444415521
020 ## - INTERNATIONAL STANDARD BOOK NUMBER
International Standard Book Number 9780080870540
Qualifying information (electronic bk.)
020 ## - INTERNATIONAL STANDARD BOOK NUMBER
International Standard Book Number 0080870546
Qualifying information (electronic bk.)
020 ## - INTERNATIONAL STANDARD BOOK NUMBER
International Standard Book Number 9786611772352
Qualifying information (electronic bk.)
020 ## - INTERNATIONAL STANDARD BOOK NUMBER
International Standard Book Number 6611772359
020 ## - INTERNATIONAL STANDARD BOOK NUMBER
International Standard Book Number 1281772356
020 ## - INTERNATIONAL STANDARD BOOK NUMBER
International Standard Book Number 9781281772350
040 ## - CATALOGING SOURCE
Original cataloging agency IMU Kochi Library
Language of cataloging eng
041 0# - LANGUAGE CODE
Language code of text/sound track or separate title eng
082 04 - DEWEY DECIMAL CLASSIFICATION NUMBER
Classification number 551.4/601
Edition number 22
100 1# - MAIN ENTRY--PERSONAL NAME
Personal name Caruthers, Jerald W.
245 10 - TITLE STATEMENT
Title Fundamentals of marine acoustics /
260 ## - PUBLICATION, DISTRIBUTION, ETC. (IMPRINT)
Place of publication, distribution, etc Amsterdam ;
-- New York :
Name of publisher, distributor, etc Elsevier Scientific Pub. Co. ;
Place of publication, distribution, etc New York :
Name of publisher, distributor, etc Distributors for the U.S. and Canada, Elsevier North-Holland,
Date of publication, distribution, etc 1977.
300 ## - PHYSICAL DESCRIPTION
Extent 1 online resource (ix, 153 pages) :
Other physical details illustrations
490 1# - SERIES STATEMENT
Series statement Elsevier oceanography series ;
Volume number/sequential designation 18
504 ## - BIBLIOGRAPHY, ETC. NOTE
Bibliography, etc Includes bibliographical references (page 139) and index.
505 0# - FORMATTED CONTENTS NOTE
Formatted contents note Front Cover; Fundamentals of Marine Acoustics; Preface; Contents; Chapter 1. Introduction; Chapter 2. Electroacoustic and chemical transduction; Chapter 3. Hydrophones, projectors, and calibration; Chapter 4. Phased arrays; Chapter 5. Sonar equations and parameters; Chapter 6. Theory of sound propagation; Chapter 7. Sound propagation in the sea; Chapter 8. Reverberation; Chapter 9. Noise; Chapter 10. Sonar signal processing; General reference books; Solutions for selected problems; Index.
520 ## - SUMMARY, ETC.
Summary, etc Fundamentals of Marine Acoustics.
546 ## - LANGUAGE NOTE
Language note English.
650 #0 - SUBJECT ADDED ENTRY--TOPICAL TERM
Topical term or geographic name as entry element Underwater acoustics.
650 #6 - SUBJECT ADDED ENTRY--TOPICAL TERM
Topical term or geographic name as entry element Acoustique sous-marine.
650 #7 - SUBJECT ADDED ENTRY--TOPICAL TERM
Topical term or geographic name as entry element SCIENCE
General subdivision Earth Sciences
-- Oceanography.
Source of heading or term bisacsh
650 #7 - SUBJECT ADDED ENTRY--TOPICAL TERM
Topical term or geographic name as entry element NATURE
General subdivision Ecosystems & Habitats
-- Oceans & Seas.
Source of heading or term bisacsh
650 #7 - SUBJECT ADDED ENTRY--TOPICAL TERM
Topical term or geographic name as entry element Underwater acoustics.
Source of heading or term fast
830 #0 - SERIES ADDED ENTRY--UNIFORM TITLE
Uniform title Elsevier oceanography series ;
Volume number/sequential designation 18.
852 ## - LOCATION/CALL NUMBER
Location IMU Kochi Library
856 ## - ELECTRONIC LOCATION AND ACCESS
Uniform Resource Identifier <a href="https://www.sciencedirect.com/science/book/9780444415523">https://www.sciencedirect.com/science/book/9780444415523</a>
856 ## - ELECTRONIC LOCATION AND ACCESS
Uniform Resource Identifier <a href="https://www.sciencedirect.com/science/bookseries/04229894/18">https://www.sciencedirect.com/science/bookseries/04229894/18</a>
904 ## - LOCAL DATA ELEMENT D, LDD (RLIN)
CATALOGER Rudra Ranjan
905 ## - LOCAL DATA ELEMENT E, LDE (RLIN)
VERIFIER Rudra Ranjan
942 ## - ADDED ENTRY ELEMENTS (KOHA)
Item type E-Book
338 ## -
-- online resource
650 #6 - SUBJECT ADDED ENTRY--TOPICAL TERM
-- (CaQQLa)201-0000447
650 #7 - SUBJECT ADDED ENTRY--TOPICAL TERM
-- (OCoLC)fst01161058

No items available.



Copyright © All Rights Reserved by Indian Maritime University, Kochi Campus.
For any Suggestions/Query Contact to library or Email: library.kochi@imu.ac.in Ph:(0484)-2989402
(Web OPAC Designed by Rudra Ranjan. Maintained by IMU Kochi Library)

Powered by Koha